Statistics for A-Z of British and Irish Music Artists

Click here to take the quiz!

General Stats

  • This quiz has been taken 159 times
  • The average score is 83 of 290

Answer Stats

Song TitleMusic Artist% Correct
Rolling In The Deep/HelloAdele
86%
Rehab/ValerieAmy Winehouse
81%
Hey Jude/Let It Be/All You Need Is LoveThe Beatles
80%
Space Oddity/ China GirlDavid Bowie
75%
Crocodile Rock/Your Song/Candle In The WindElton John
75%
Careless Whisper/FaithGeorge Michael
74%
Stayin' Alive/How Deep Is Your LoveBee Gees
73%
Wonderwall/Live Forever/Don't Look Back In AngerOasis
72%
Holding Out For A Hero/ Total Eclipse Of The HeartBonnie Tyler
70%
London Calling/Should I Stay Or Should I GoThe Clash
70%
ImagineJohn Lennon
69%
Karma Chameleon/ Do You Really Want To Hurt MeCulture Club
68%
Rio/Hungry Like The WolfDuran Duran
68%
We Will Rock You/Don't Stop Me Now/Radio Ga GaQueen
66%
Another Brick In The WallPink Floyd
64%
Mr Blue Sky/Roll Over BeethovenElectric Light Orchestra
63%
Wonderful Tonight/LaylaEric Clapton
63%
Sweet Dreams (Are Made Of These)/There Must Be An AngelThe Eurythmics
63%
Never Gonna Give You UpRick Astley
62%
Every Breath You Take/Message In A BottleThe Police
62%
Yellow/Fix You/Clocks/ParadiseColdplay
61%
House Of The Rising SunThe Animals
61%
Stairway To HeavenLed Zeppelin
59%
Come On EileenDexys Midnight Runners
58%
Wuthering HeightsKate Bush
57%
You Really Got Me/Lola/Waterloo SunsetThe Kinks
57%
White WeddingBilly Idol
56%
Sultans Of Swing/Walk of LifeDire Straits
55%
My Sweet LordGeorge Harrison
55%
Friday I'm In LoveThe Cure
55%
I Can't Get No Satisfaction/Paint It BlackThe Rolling Stones
55%
Price Tag/Domino/Bang BangJessie J
53%
Smoke On The WaterDeep Purple
52%
Son Of A Preacher Man/I Only Want To Be With YouDusty Springfield
52%
Wannabe/Who Do You Think You Are/Spice Up Your LifeSpice Girls
52%
I'm Gonna Be (500 Miles)/I'm On My WayThe Proclaimers
52%
I Bet You Look Good On The DancefloorArctic Monkeys
51%
ParanoidBlack Sabbath
51%
Sign Of The Times/Watermelon SugarHarry Styles
51%
Prince CharmingAdam and The Ants
50%
Orinoco FlowEnya
50%
West End Girls/Go WestPet Shop Boys
50%
Creep/Karma PoliceRadiohead
50%
I'm Not In Love10CC
49%
Country House/Charmless Man/Coffee &TVBlur
49%
Clint Eastwood/Feel Good IncGorillaz
49%
Take Me To ChurchHozier
49%
Let Me Entertain You/Angels/Rock DJRobbie Williams
49%
Anarchy In The UK/God Save The QueenThe Sex Pistols
49%
Relax/Two Tribes/The Power Of LoveFrankie Goes To Hollywood
48%
Common People/Disco 2000Pulp
48%
Dreams/ZombieThe Cranberries
48%
Budapest/Paradise/ShotgunGeorge Ezra
47%
Kids In America/You Keep Me Hangin' OnKim Wilde
47%
Baggy Trousers/House Of FunMadness
47%
What Makes You Beautiful/Live While We're Young/Steal My GirlOne Direction
47%
Hysteria/Pour Some Sugar On MeDef Leppard
44%
Take Me OutFranz Ferdinand
44%
I Predict A Riot/RubyKaiser Chiefs
44%
Everybody's Changing/Somewhere Only We KnowKeane
44%
Paradise By The Dashboard Light/I Would Do Anything For LoveMeatloaf
44%
Sailing/Maggie MayRod Stewart
44%
A Town Called Malice/Going UndergroundThe Jam
44%
Year 3000/Crashed The WeddingBusted
43%
Summer Holiday/The Young OnesCliff Richard
43%
Sound Of The Underground/Call The Shots/Can't Speak FrenchGirls Aloud
43%
Pompeii/Can't Fight This FeelingBastille
42%
Lady In Red/A Spaceman Came TravellingChris De Burgh
42%
Here With Me/Thank You/White FlagDido
42%
Don't Stop/Dreams/Little LiesFleetwood Mac
42%
Someone You Loved/Hold Me While You WaitLewis Capaldi
42%
Valerie/Uptown FunkMark Ronson
42%
You Spin Me Round (Like A Record)Dead Or Alive
41%
Making Your Mind UpBucks Fizz
40%
The A Team/Perfect/I Don't CareEd Sheeran
40%
Right Here Right Now/Praise YouFatBoy Slim
40%
Walking On Sunshine/Love Shine A LightKatrina and The Waves
40%
Bleeding Love/RunLeona Lewis
40%
Chelsea Dagger/Whistle For The ChoirThe Fratellis
40%
With Or Without You/Beautiful DayU2
40%
You're Beautiful/WisemenJames Blunt
39%
Grace Kelly/Love TodayMika
39%
Don't You Want MeThe Human League
39%
Fight For This Love/Call My NameCheryl Cole
38%
Personal Jesus/Enjoy The SilenceDepeche Mode
38%
Dogs Days Are Over/You've Got The LoveFlorence and The Machine
38%
Walking On Broken GlassAnnie Lennox
36%
Mercy/Don't Rain On My ParadeDuffy
36%
Starry Eyed/Love Me Like You DoEllie Goulding
36%
Tiger FeetMud
36%
TubthumpingChumbawumba
35%
Blue MondayNew Order
35%
Tainted LoveSoft Cell
35%
The Air That I Breathe/He Ain't Heavy He's My BrotherThe Hollies
35%
Never Ever/ Pure ShoresAll Saints
34%
All Rise/One Love/Get Down On ItBlue
34%
Run/Chasing CarsSnow Patrol
34%
Everybody Wants To Rule The WorldTears For Fears
34%
Don't Marry Her/RotterdamThe Beautiful South
34%
Red Red Wine/Baby Come Back/Kingston TownUB40
34%
Whole Again/Eternal FlameAtomic Kitten
33%
Bye Bye BabyBay City Rollers
33%
Dance Wiv Me/BonkersDizzee Rascal
33%
You'll Never Walk Alone/Ferry Across The MerseyGerry and The Pacemakers
33%
Baker StreetGerry Rafferty
33%
Shout/To Sir With LoveLulu
33%
Firestarter/No Good (Start The Dance)The Prodigy
33%
The Drugs Dont Work/Bittersweet SymphonyThe Verve
33%
Too ShyKajagoogoo
32%
Ace Of SpadesMotorhead
32%
Rather Be/Rock-abye/SymphonyClean Bandit
31%
Smile/LDN/The FearLily Allen
31%
Let Her GoPassenger
31%
I'm In The Mood For DancingThe Nolans
31%
Words/No Matter What/When The Going Gets ToughBoyzone
30%
Pass The DutchieMusical Youth
30%
Slow HandsNiall Horan
30%
Troublemaker/Wrapped Up/MovesOlly Murs
30%
Live And Let DiePaul McCartney and The Wings
30%
My Generation/Who Are YouThe Who
30%
The Boys Are Back In TownThin Lizzy
30%
Delilah/Green Green Grass Of Home/Sex BombTom Jones
30%
One Kiss/Giant/This Is What You Came ForCalvin Harris
29%
I Want To Know What Love IsForeigner
29%
Uprising/Supermassive Black HoleMuse
29%
She Moves In Her Own WayThe Kooks
29%
She's A Star/Sit DownJames
28%
True/GoldSpandau Ballet
28%
I Believe In A Thing Called LoveThe Darkness
28%
Cest La Vie/RollercoasterBWitched
27%
Fill Me In/ 7 Days/No DramaCraig David
27%
Beat Again/Everybody In LoveJLS
27%
A Whiter Shade Of PaleProcol Harum
27%
When You Say Nothing At All/Life Is A RollercoasterRonan Keating
27%
Back For Good/Never Forget/Patience/ShineTake That
27%
One Day Like ThisElbow
26%
Hold Back The RiverJames Bay
26%
Do Wah Diddy Diddy/Mighty QuinnManfred Mann
26%
Alive & Kicking/Don't You (Forget About Me)Simple Minds
26%
Rockin' All Over The World/In The Army NowStatus Quo
26%
Caravan Of Love/Happy HourThe Housemartins
26%
Lifted/Ocean Drive/HighThe Lighthouse Family
26%
Club FootKasabian
25%
The Living Years/Over My ShoulderMike and The Mechanics
25%
Bring It All Back/Reach/Don't Stop Movin'S Club 7
25%
Goldfinger/History RepeatingShirley Bassey
25%
Pillowtalk/Dusk Till DawnZayn Malik
25%
2002/FRIENDS/PerfectAnne Marie
24%
Mulder & Scully/ Road RageCatatonia
24%
Look At Me/Mi Chico Latino/It's Raining MenGeri Halliwell
24%
Addicted To Love/Simply IrrestibleRobert Palmer
24%
Breakeven/The Man Who Can't Be Moved/Superheroes/Hall Of FameThe Script
24%
UnbelievableEMF
23%
Impossible/Re-Write The Stars/Say You Won't Let GoJames Arthur
23%
Cosmic Girl/Virtual Insanity/Canned HeatJamiroquai
23%
She's So Lovely/Elvis Ain't DeadScouting For Girls
23%
Fools Gold/She Bangs The DrumsThe Stone Roses
23%
Mama Do The HumpRizzle Kicks
22%
Nights In White SatinThe Moody Blues
22%
ViennaUltravox
22%
Be The One/Electricity/Don't Start NowDua Lipa
21%
Kickstarts/Changed The Way You Kiss MeExample
21%
The Closest Thing To Crazy/Nine Million BicyclesKatie Melua
21%
Strip That Down/Polaroid/For YouLiam Payne
21%
A Design For LifeManic Street Preachers
21%
No Ordinary Love/Smooth OperatorSade
21%
Own It/Vossi Bop/Take Me Back To LondonStormzy
21%
Lucky You/Life Of Riley/Three LionsThe Lightning Seeds
21%
Why Does It Always Rain On Me/SingTravis
21%
Boom Clap/After The AfterpartyCharli XCX
20%
Hey Boy Hey Girl/GalvaniseChemical Brothers
20%
A Little Respect/Love To Hate YouErasure
20%
Buck Rogers/Just The Way I'm FeelingFeeder
20%
Keep On Movin/Let's Dance/We Will Rock YouFive
20%
Wings/Move/PowerLittle Mix
20%
Obviously/All About YouMcFly
20%
Moving On Up/Search For The HeroM People
20%
Holding Back The Years/Stars/Night NurseSimply Red
20%
Pick A Part That's New/Dakota/Maybe TomorrowStereophonics
20%
Dynamite/Shine A LightTaio Cruz
20%
Dreams/RunawayThe Corrs
20%
All Together NowThe Farm
20%
I'll Stand By You/Don't Get Me WrongThe Pretenders
20%
A Message To You Rudy/Ghost TownThe Specials
20%
Get It On/Children Of The RevolutionT-Rex
20%
Real Gone Kid/Dignity/Fergus Sings The BluesDeacon Blue
19%
She/ Pump It UpElvis Costello
19%
Earthquake/Beneath Your BeautifulLabrinth
19%
Freak Like Me/Hole In The Head/About You Now/Push The ButtonSugababes
19%
Pie Jesu/ Crazy ChickCharlotte Church
18%
Next To Me/Read All About ItEmile Sande
18%
Step OnHappy Mondays
18%
I Will WaitMumford and Sons
18%
Human/Skin/GiantRag n Bone Man
18%
This Ole HouseShakin Stevens
18%
One For Sorrow/Tragedy/Deeper Shade Of BlueSteps
18%
There Is A Light That Never Goes OutThe Smiths
18%
Wild ThingThe Troggs
18%
China In Your HandT'Pau
18%
Ladbroke GroveAJ Tracey
17%
Hold My Hand/All I Am/ThursdayJess Glynne
17%
America/In The MorningRazorlight
17%
Ghost/Glitterball/This Is RealElla Henderson
16%
Suspicious Minds/Good ThingFine Young Cannibals
16%
Jesus He Knows Me/I Can't DanceGenesis
16%
Breakin' The Law/You've Got Another Thing Comin'Judas Priest
16%
Riverboat Song/The Day We Caught The TrainOcean Colour Scene
15%
Last RequestPaolo Nutini
15%
Read All About It/Just Be Good To GreenProfessor Green
15%
Cool For CatsSqueeze
15%
Ballroom Blitz/Wig Wam Bam/Little WillieSweet
15%
Goodbye Mr A/Worried About RayThe Hoosiers
15%
Pass Out/Written In The StarsTinie Tempah
15%
Here I Go AgainWhitesnake
15%
Strange BrewCream
14%
The Power Of A Woman/Angel Of Mine/I Wanna Be The Only OneEternal
14%
MissingEverything But The Girl
14%
Don't Call Me Up/God Is A DancerMabel
14%
You To Me Are EverythingThe Real Thing
14%
Chasing The Sun/Walks Like RihannaThe Wanted
14%
Goodnight Girl/Love Is All AroundWet Wet Wet
14%
Are You Ready To Rock/I Wish It Could Be Christmas EverydayWizzard
14%
Hot Right Now/Anywhere/For You/RitualRita Ora
13%
ValerieThe Zutons
13%
Dancing In The MoonlightToploader
13%
Where's Your Head At/Red AlertBasement Jaxx
12%
Insomnia/God Is A DJFaithless
12%
In For The KillLa Roux
12%
Lessons In LoveLevel 42
12%
All I Want/ScandalousMisteeq
12%
Nancy BoyPlacebo
12%
Place Your HandsReef
12%
Dry Your EyesThe Streets
12%
Be The First To Believe/Take On MeA1
11%
Waiting All Night/Came Here For Love/Just Got PaidElla Eyre
11%
I See You Baby/Superstylin'Groove Armada
11%
The Trooper/Fear Of The DarkIron Maiden
11%
Alright/Moving/Pumping On Your StereoSupergrass
11%
How To Be A HeartbreakerMarina and The Diamonds
10%
Under The Moon Of Love/Hey Rock And RollShowaddywaddy
10%
21 SecondsSo Solid Crew
10%
Trash/Nitrate/Beautiful OnesSuede
10%
Bodyshakin/A Little Bit More911
9%
Re-Rewind When The Crowd Say Bo SelectaArtful Dodger
9%
WiresAthlete
9%
About A Boy/Something To Talk AboutBadly Drawn Boy
9%
Sandstorm/WalkawayCast
9%
Number 1/Ouch/I Need YouN-Dubz
9%
Black Eyed Boy/I Don't Want A Lover/In Our LifetimeTexas
9%
Sewn/Never Be LonelyThe Feeling
9%
Perfect Strangers/MamaJonas Blue
8%
Got To Have Your Love/Just A LittleLiberty X
8%
Glory Box/Sour TimesPortishead
8%
Ready To Go/Drop Dead GorgeousRepublica
8%
I Like It When You Sleep/Me & You Together SongThe 1975
8%
Golden SkansThe Klaxons
8%
Peaches/Always The Sun/No More HeroesThe Stranglers
8%
Can't Pretend/Another LoveTom O Dell
8%
Everlasting LoveLove Affair
7%
Stay/Youre HistoryShakespears Sister
7%
Ebeneezer GoodeThe Shamen
7%
Hold Me NowThe Thompson Twins
7%
King/Shine/If You're Over MeYears and Years
7%
From The Heart/Freak MeAnother Level
6%
Outnumbered/Power Over MeDermot Kennedy
6%
Come Back To What You Now/My Weakness Is None Of Your BusinessEmbrace
6%
TeardropsMassive Attack
6%
Waiting All Night/These DaysRudimental
6%
For Sure/More Than I Needed To Know/Flying The FlagScooch
6%
Finally Found/End Of The Line/Won't Take It Lying DownThe Honeyz
6%
Wild Heart/Can We Dance/Somebody To YouThe Vamps
6%
Wearing My RolexWiley
6%
Ghetto Romance/Wonderful TonightDamage
5%
Wish You Well/Just Got Paid/Came Here For LoveSigala
5%
Female Of The Species/NeighbourhoodSpace
5%
I'm A Man/Gimme Some Lovin'The Spencer Davis Group
5%
Leave The Light On/Just You And ITom Walker
5%
AbracadabraABC
4%
Bring Him Home/A Thousand Years/PerfectAlfie Boe
4%
Wish You Well/Lose ControlBecky Hill
4%
Forever Love/Let Me GoGary Barlow
4%
Game Over/Number 1Tinchy Stryder
4%
You Don't Know Me/All Day And NightJax Jones
3%
Blindfold/Rome Wasn't Built In A DayMorcheeba
3%
Weak/Hedonism/SecretlySkunk Anansie
3%
Dangerous LoveFuse ODG
2%
Sorry/LonelyJoel Corry
2%
Alice What's The Matter/TequilaTerrorvision
2%
Guiding LightKatherine Jenkins
0%
Spin Around/Mummys BoyWretch 32
0%

Score Distribution

Percentile by Number Answered

Percent of People with Each Score

Your Score History

You have not taken this quiz